Export eines Währungssystems: Geld und Münze im Zeitalter Bruns

Titel: Export eines Währungssystems: Geld und Münze im Zeitalter Bruns
Verfasser:
Beteiligt:
In: ˜Derœ heilige Brun von Querfurt, (2009), Seite 106-117
alle Artikel anzeigen
Veröffentlicht: 2009
Format: Aufsatz
Sprache: Deutsch
Kein Bild verfügbar
X
alg: 39175002
001A    $01999:11-11-16 
001B    $01999:26-04-21 $t20:12:12.000 
001D    $01999:11-11-16 
001U    $0utf8 
001X    $00 
002@    $0Aox 
003@    $039175002X 
007A    $039175002X $aHEB 
007T    $0Herdc0072366m 
010@    $ager 
011@    $a2009 
021A    $aExport eines Währungssystems: Geld und Münze im Zeitalter Bruns 
028A    $aDräger $dUlf 
028B/01 $aJahn $dPhilipp 
031A    $h106-117 $j2009 
039B    $aIn $8--Aau--. Der @heilige Brun von Querfurt. - Querfurt : Museum Burg Querfurt, 2009. - 224 S.. - zahlr. Ill.. - ISBN 978-3-00-028548-6 $x200900000000000894 $9220045976 
045F    $a330.094382 $eDDC23BSB 
045F/01 $a330.09 
045F/03 $g4382 
045F/03 $g43832 

lok: 39175002 78

exp: 39175002 78 1 #EPN
201B/01 $005-06-20 $t23:04:10.000 
201U/01 $0utf8 
203@/01 $0787844845 
208@/01 $a11-11-16 $be 
209A/01 $a/ $f000 $x00 
220C/01 $aTitelaufnehmer: pg;ak 
220C/01 $aHerkunft: HI Marburg 
220C/01 $aAnmerkung: *ng 
244Z/01 $2Trx $#Prusy Wschodnie i Zachodnie $8--Trx--Ost- und Westpreußen $x01 $939113373X 
244Z/01 $aGeschichte 970-1010 $x02 
244Z/01 $#Bruno  $#Bonifatius  $#Bonifatius  $#Bruno  $#Bruno  $#Bruno  $#Bruno  $#Bruno  $#Bonifatius  $#Bruno  $#Brun  $#Brunon  $#Carinthia, Bruno von $#Bruno  $#Brunon  $#Brun  $7118674749 $8--Tp1--$PBruno$lQuerfurtensis$Z974-1009 $x03 $9087015617 
244Z/01 $2Trx $#raha ja valuutad $#pinigai ir valiutos $#money and currencies $#pénz és pénznemek $#pieniądze i waluty $#peniaze a meny $#peníze a měny $#Münzwesen $#Währungen $#mennictwo $#mincovníctvo $#mincovnictví $8--Trx--Geld und Währungen $x04 $9391375695 
244Z/01 $2Trx $#mündid ja paberraha $#monetos ir banknotai $#coins and bills $#fémpénzek és papírpénzek $#monety i banknoty $#mince a bankovky $#mince a peníze $#Banknoten $#Papiergeld $#banknoty $8--Trx--Münzen und Papiergeld $x05 $9391361449 
244Z/01 $2Trx $8--Trx--Einzelbeiträge $x06 $9391384570 
245Z/01 $a09.07 $x01 
247C/01 $82080>Marburg/Lahn, Herder-Institut, Forschungsbibliothek, Bibliographieportal $9336309341
LEADER 00000caa a22000002c 4500
001 39175002X
003 DE-603
005 20210426201212.0
007 tu
008 161111s2009 xx |||| | u00||u|ger c
035 |a (DE-599)HEB39175002X 
040 |a DE-603  |b ger  |c DE-603  |d DE-603 
041 |a ger 
082 0 4 |8 1\u  |a 330.094382  |q DE-101  |2 23/BSB 
085 |8 1\u  |b 330.09 
085 |8 1\u  |z 2  |s 4382 
085 |8 1\u  |z 2  |s 43832 
100 1 |a Dräger, Ulf 
245 0 0 |a Export eines Währungssystems: Geld und Münze im Zeitalter Bruns 
264 0 |c 2009 
700 1 |a Jahn, Philipp 
773 0 8 |i In  |t ˜Derœ heilige Brun von Querfurt  |d Querfurt : Museum Burg Querfurt, 2009  |h 224 S., zahlr. Ill.  |z 9783000285486  |z 3000285482  |g (2009), Seite 106-117  |w (DE-603)220045976 
924 0 |9 2080  |a (DE-603)787844845  |b DE-2080  |c HES  |d d  |g /